000 00241nam a22001217a 4500
003 SGT
082 _a823
_bBLY
100 _aBLYTON GUID
245 _aTHE FAMOUS FIVE
260 _aLONDON
_bHODDER
_c2016
300 _a189
942 _2ddc
_cBK
999 _c33491
_d33491